|
|
|
|
| LEADER |
00000nab a2200000 a 4500 |
| 001 |
vtls010292015 |
| 003 |
SK-MaSNL |
| 005 |
20260303081840.0 |
| 008 |
171110 2010 xo r r 000 0 slo |
| 038 |
|
|
|a KEVKJB
|
| 040 |
|
|
|a KEVKJB
|b slo
|c KEVKJB
|e AACR2
|
| 041 |
0 |
|
|a slo
|
| 044 |
|
|
|a xo
|c SK
|
| 080 |
|
|
|a 796.55-051
|2 2001
|
| 080 |
|
|
|a 929 Psotka, Jozef
|2 2001
|
| 100 |
1 |
|
|a Hajduková, Michaela,
|d 1984-
|4 aut
|9 169543
|
| 245 |
1 |
0 |
|a Podzemné netvory a UFO nenašli, iba zdochliny a kostru človeka
|b košický jaskyniar Jozef Psotka chodí každý rok spoznávať neprebádané jaskyne do Macedónska
|c Michaela Hajduková
|
| 300 |
|
|
|b Fotogr.
|
| 600 |
1 |
7 |
|a Psotka, Jozef
|c jaskyniar
|2 kevkjb
|9 1085749
|
| 650 |
0 |
7 |
|a rodáci
|2 snkbucl
|9 30842
|
| 650 |
0 |
7 |
|a speleológovia
|2 kevkjb
|9 30760
|
| 650 |
0 |
7 |
|a jaskyniarstvo
|2 kevkjb
|9 29600
|
| 651 |
|
7 |
|a Košice (Slovensko)
|2 kevkjb
|9 18694
|
| 773 |
0 |
|
|t Košický večer
|g Roč. 20, č. 27 (9.7.2010), s. 24
|x 1336-5320
|
| 852 |
|
|
|a KEVKJB
|b KIS3GCP
|
| 958 |
|
|
|a BX
|
| 999 |
|
|
|c 1786049
|d 1787979
|